| 000 | 01789cam a22003374a 4500 | ||
|---|---|---|---|
| 001 | 14260326 | ||
| 005 | 20070821145159.0 | ||
| 008 | 060208s2006 enka b 001 0 eng | ||
| 020 | _a0470019700 (pbk. : alk. paper) | ||
| 020 | _a9780470019702 | ||
| 035 | _a(OCoLC)ocm64065851 | ||
| 035 | _a(OCoLC)64065851 | ||
| 040 |
_aDNLM/DLC _cDLC _dNLM _dBAKER _dBWKUK _dYDXCP _dOCLCQ _dBTCTA _dDLC |
||
| 082 | 0 | 0 |
_a618.9200231 _222 _bCAR |
| 245 | 0 | 0 |
_aCaring for Children and Families / _cedited by I. Peate, L. Whiting. |
| 260 |
_aChichester, England ; _aHoboken, NJ : _bJ. Wiley & Sons, _cc2006. |
||
| 300 |
_axv, 298 p. : _bill. ; _c23 cm. |
||
| 440 | 0 |
_aWiley series in nursing _929754 |
|
| 504 | _aIncludes bibliographical references and index. | ||
| 505 | 0 | _aChildren and their families -- Communicating with children and families -- Working as a member of the child health team -- Health promotion : a child-centred approach -- Biological aspects of child health care -- Assessing and monitoring of children -- The importance of play -- Maintaining safety -- Accident prevention -- Safeguarding children -- Legal concerns -- Future aspirations. | |
| 650 | 0 |
_aPediatric nursing. _929755 |
|
| 650 | 1 | 2 |
_aPediatric Nursing _xmethods. _929756 |
| 650 | 2 | 2 |
_aFamily. _929757 |
| 653 |
_bNUR _cMay2012 |
||
| 700 | 1 |
_aPeate, Ian. _929758 |
|
| 700 | 1 |
_aWhiting, Lisa. _929759 |
|
| 942 |
_2ddc _cBB |
||
| 999 |
_c16697 _d16697 |
||